América latina: la región más peligrosa del mundo para sindicalistas /
Shranjeno v:
| Glavni avtor: | |
|---|---|
| Format: | Texto |
| Teme: | |
| Oznake: |
Označite
Brez oznak, prvi označite!
|
MARC
| LEADER | 00000 a a2200000 04500 | ||
|---|---|---|---|
| 001 | 333 | ||
| 003 | |||
| 040 | |||
| 100 | |a Tamayo G., Eduardo | ||
| 245 | |a América latina: |b la región más peligrosa del mundo para sindicalistas / |c Eduardo Tamayo G. | ||
| 650 | |a LIBERTAD DE ASOCIACION | ||
| 650 | |a SINDICALISMO | ||
| 650 | |a SINDICATOS | ||
| 650 | |a DERECHO DE HUELGA | ||
| 773 | |g volumen 24, número 320; páginas 19-21 | ||
| 999 | |c 27901 |d 27901 | ||
| 773 | 0 | |0 42391 |9 3521 |a Agencia Latinoamericana de Información, ALAI |d Quito, Ecuador: ALAI |o 11484-SIABUC-17 |t ALAI: |x 08275564 | |
